00452nam a2200181Ia 4500003000900000008004100009040001300050040001300063041000800076100002100084245010500105250001200210260001200222260000900234300001100243300001000254490000600264IT-RoPAU120407s9999 xx 000 0 und d aIT-RoPAU cIT-RoPAU aita aInnocenzo Chiesa aVita di Carlo Bascapè, Barnabita e Vescovo di Novara, 1550-1615. Nuova ed. a cura di Sergio Pagano aFirenze aOlschki c1993 a676 p. c24 cm v1